El materialismo dialéctico
Guardat en:
| Autor principal: | |
|---|---|
| Format: | Llibre |
| Idioma: | espanyol |
| Publicat: |
Madrid
Rialp
1958
|
| Col·lecció: | Biblioteca del Pensamiento Actual, 86
|
| Matèries: | |
| Etiquetes: |
Afegir etiqueta
Sense etiquetes, Sigues el primer a etiquetar aquest registre!
|
MARC
| LEADER | 00000nam a2200000 a 4500 | ||
|---|---|---|---|
| 001 | UCZ3114 | ||
| 003 | CL-VaPUC | ||
| 008 | 951020e19580000SP |||||||||||||||||spa|d | ||
| 082 | 0 | 4 | |a 146.32 |b BOC |2 21 |
| 100 | |a Bochénski, Innocentius M |e author |9 304812 | ||
| 245 | 1 | 3 | |a El materialismo dialéctico |
| 300 | |a 267 p | ||
| 942 | |c BK | ||
| 945 | |d 19951020 00:00:00 |a rbrito | ||
| 260 | |a Madrid |b Rialp |c 1958 | ||
| 650 | 0 | |a Materialismo |9 265687 | |
| 583 | |a last modification |c 19951020 00:00:00 |k Rodrigo Vera | ||
| 490 | 0 | |a Biblioteca del Pensamiento Actual, 86 | |
| 999 | |c 239634 |d 239632 | ||
| 952 | |0 0 |1 0 |4 0 |6 146_320000000000000_BOC_1958 |7 0 |8 A |9 250907 |a BIBEDU |b BIBEDU |d 2019-11-18 |i 3127494 |l 2 |m 1 |o 146.32 BOC 1958 |p 3127494 |r 2024-11-04 |s 2024-10-17 |w 2019-11-18 |y BK |k FIL | ||